000071973 001__ 71973 000071973 005__ 20180822112550.0 000071973 037__ $$aGDOC-2017-26774 000071973 041__ $$aspa 000071973 041__ $$aeng 000071973 100__ $$0(orcid)0000-0001-5821-3920$$1123062$$aJESÚS AGUAS, VALIENTE 000071973 24500 $$926774$$aAparato respiratorio y sistema nervioso 000071973 24200 $$926774$$aRespiratory Apparatus and Nervous System 000071973 260__ $$aZaragoza$$bUniversidad de Zaragoza$$c2017-2018 000071973 520__ $$aBreve presentación de la asignatura La asignatura Aparato respiratorio y Sistema nervioso, es de carácter obligatorio y forma parte del módulo 3 (Formación Clínica Humana) del Grado de Medicina. Tiene una carga docente de 9 ECTS (225 horas) y se imparte en el 7º semestre (primer semestre del 4º curso del Grado de Medicina) ocupando el 30% de las enseñanzas que se imparten en ese semestre. Abarca la Patología médica y quirúrgica del Aparato Respiratorio y del Sistema Nervioso. La parte correspondiente al Sistema Nervioso tiene una carga docente de 4 ECTS (100 horas) impartiéndose dentro del tiempo indicado para Aparato Respiratorio y Sistema Nervioso , de la que forma parte. De los 4 ECTS, 2,0 (50 horas) corresponden a la parte de Neurología y otros 2 (50 horas) a Neurocirugía. De estos tiempos hay que tener en cuenta que el 45 % corresponde a enseñanza presencial y el 55 % a enseñanza no presencial. La materia correspondiente al Aparato Respiratorio, por ser una parte de la asignatura Aparato Respiratorio y Sistema nervioso, es de carácter obligatorio y forma parte del módulo 3 (Formación Clínica Humana) del Grado de Medicina. Tiene una carga docente de 5 ECTS (125 horas) y se imparte en el 7º semestre (primer semestre del 4º curso del Grado de Medicina). De los 5 ECTS, 3,0 (75 horas) corresponden a Medicina y 2 (50 horas) a Cirugía, siendo el 45% de enseñanza presencial y el 55% de enseñanza no presencial $$bBrief Presentation of the Subject. ‘Respiratory and Nervous System’ is a compulsory Subject on the 3rd Module (Human Clinical Studies) of the Degree in Medicine. It has a 9 ECTS teaching load and it is taught on the 7th Semester (1st Semester of the 4th Year) corresponding to a 30% of the Semester’s Lessons. It includes the medical and surgical pathologies of the Respiratory and Nervous Systems. The Nervous System Block: Has a 4 ECTS teaching load (100 hours). Lessons will be given within the indicated time for the ‘Respiratory and Nervous System’, subject in which this block is included. Out of the 4 ECTS, 2 ECTS (50 hours) belong to Neurology and 2 ECTS (50 hours) belong to Neurosurgery. Out of the 100 hours it should be considered that 45% belong to attendance-based teaching and 55% to non-attendance based learning. The Respiratory System Block: Has a 5 ECTS teaching load (125 hours). Lessons will be given within the indicated time for the ‘Respiratory and Nervous System’, subject in which this block is included. Out of the 5 ECTS, 3 ECTS (75 hours) belong to Medicine and 2 ECTS (50 hours) belong to Surgery. Out of the 125 hours it should be considered that 45% belong to attendance-based teaching and 55% to non-attendance based learning. 000071973 521__ $$9118$$aGraduado en Medicina$$bDegree in Medicine 000071973 540__ $$aby-nc-sa$$bCreative Commons$$c3.0$$uhttp://creativecommons.org/licenses/by-nc-sa/3.0/ 000071973 700__ $$0(orcid)0000-0002-1878-2712$$1390500$$aJUAN ANTONIO ALBERDI, VIÑAS 000071973 700__ $$0(orcid)0000-0003-3670-2664$$1387360$$aSALVADOR BELLO, DRONDA 000071973 700__ $$0(orcid)0000-0003-3883-3094$$1390346$$aJUAN BOSCO CALATAYUD, PÉREZ 000071973 700__ $$0(orcid)0000-0003-2181-8461$$1367183$$aJOSE LUIS CAPABLO, LIESA 000071973 700__ $$0''$$1360983$$aSANTIAGO JULIAN CARRIZO, SIERRA 000071973 700__ $$0''$$1391392$$aANTONIO CASTANERA, MOROS 000071973 700__ $$0(orcid)0000-0001-7043-0952$$1387349$$aFERNANDO CIVEIRA, MURILLO 000071973 700__ $$0''$$1151683$$aJOAQUIN CARLOS COSTAN, GALICIA 000071973 700__ $$0(orcid)0000-0002-1253-3248$$1385737$$aJAVIER DEUS, FOMBELLIDA 000071973 700__ $$0(orcid)0000-0003-0249-3104$$1404732$$aRAUL EMBUN, FLOR 000071973 700__ $$0''$$1367033$$aJOSÉ ANGEL FIGUEROLA, MENDAL 000071973 700__ $$0''$$1462690$$aDAVID FUSTERO DE, MIGUEL 000071973 700__ $$0(orcid)0000-0002-8976-6787$$1606371$$aFRANCISCO JAVIER GARCÍA, TIRADO 000071973 700__ $$0(orcid)0000-0002-7284-8890$$1362417$$aJOSÉ GAZULLA, ABIO 000071973 700__ $$0''$$1133595$$aLUIS MANUEL GONZÁLEZ, MARTÍNEZ 000071973 700__ $$0(orcid)0000-0002-2711-066X$$1389964$$aCRISTINA IÑIGUEZ, MARTÍNEZ 000071973 700__ $$0(orcid)0000-0001-6199-2953$$1585180$$aPILAR LARRODÉ, PELLICER 000071973 700__ $$0''$$1472245$$aJAVIER LÁZARO, SIERRA 000071973 700__ $$0(orcid)0000-0001-9096-2294$$1388432$$aJOSÉ MARÍA MARÍN, TRIGO 000071973 700__ $$0(orcid)0000-0001-8530-0616$$1381104$$aJOSÉ ÁNGEL MAURI, LLERDA 000071973 700__ $$0''$$1360081$$aPEDRO JESÚS MODREGO, PARDO 000071973 700__ $$0(orcid)0000-0001-6752-1992$$1387340$$aISABEL NERÍN, DE LA PUERTA 000071973 700__ $$0(orcid)0000-0003-4427-505X$$1386404$$aLUIS FERNANDO PASCUAL, MILLÁN 000071973 700__ $$0(orcid)0000-0002-5553-9906$$1386272$$aALFONSO PÉREZ, TRULLÉN 000071973 700__ $$0(orcid)0000-0002-9714-0768$$1386412$$aMARÍA PILAR ASUNCIÓN ROCHE, ROCHE 000071973 700__ $$0''$$1133896$$aSARA ISABEL SANCHEZ, VALIENTE 000071973 700__ $$0(orcid)0000-0001-5139-6031$$1315577$$aSONIA SANTOS, LASAOSA 000071973 700__ $$0(orcid)0000-0002-8024-6398$$1387160$$aFRANCISCO JAVIER VILLAGRASA, COMPAIRED 000071973 830__ $$9304 000071973 8564_ $$s33295$$uhttps://zaguan.unizar.es/record/71973/files/guia-26774-en.pdf$$yGuide (english) 000071973 8564_ $$s37097$$uhttps://zaguan.unizar.es/record/71973/files/guia-26774-es.pdf$$yGuía (idioma español) 000071973 970__ $$aGDOC-2017-26774 000071973 980__ $$aGDOC$$bCiencias de la Salud$$bHealth Sciences$$c104